| 000 | 00668nam a22001937a 4500 | ||
|---|---|---|---|
| 003 | OSt | ||
| 008 | 260624b |||||||| |||| 00| 0 eng d | ||
| 020 | _a9788170194972 | ||
| 082 |
_a635.0493 _bS48D |
||
| 245 | _aDiseases of Vegetable Crops : diagnosis and management/ edited by Diesh Singh, P. Chowdappa and Pratibha Sharma | ||
| 250 | _a1st. ed. | ||
| 260 |
_aDelhi : _bToday & Tomorrow Printers and Publishers, _c2014 |
||
| 300 | _a734 p. | ||
| 650 | _aTechnology (Applied Sciences) | Agriculture and Related Technologies | Vegetables | Diseases | ||
| 700 | _aSingh,, Dinesh | ||
| 700 | _aChowdappa, P. | ||
| 700 | _aSharma, Pratibha | ||
| 942 |
_2ddc _cBK |
||
| 999 |
_c52248 _d52248 |
||